NBA Top 5 Draft Picks Since 2010 - Statistics

General Stats
  • This quiz has been taken 305 times
    246 since last reset
  • The average score is 45 of 75
Answer Stats
Year Pick Answer College % Correct
2023 1st Victor Wembanyama France
99%
2022 1st Paolo Banchero Duke
89%
2019 1st Zion Williamson Duke
87%
2021 1st Cade Cunningham Oklahoma State
86%
2024 2nd Alex Sarr France
85%
2020 3rd LaMelo Ball USA
85%
2017 2nd Lonzo Ball UCLA
85%
2018 3rd Luka Dončić Slovenia
85%
2019 2nd Ja Morant Murray State
84%
2020 1st Anthony Edwards Georgia
83%
2023 2nd Brandon Miller Alabama
81%
2024 1st Zaccharie Risacher France
81%
2011 2nd Derrick Williams Arizona
80%
2020 4th Patrick Williams Florida State
80%
2018 5th Trae Young Oklahoma
80%
2016 1st Ben Simmons LSU
79%
2017 3rd Jayson Tatum Duke
79%
2011 1st Kyrie Irving Duke
79%
2023 4th Amen Thompson G-League
78%
2023 5th Ausar Thompson G-League
78%
2022 2nd Chet Holmgren Gonzaga
78%
2018 1st Deandre Ayton Arizona
78%
2011 4th Tristan Thompson Texas
78%
2012 1st Anthony Davis Kentucky
77%
2021 2nd Jalen Green G-League
77%
2016 3rd Jaylen Brown California
76%
2015 1st Karl-Anthony Towns Kentucky
76%
2023 3rd Scoot Henderson G-League
75%
2017 1st Markelle Fultz Washington
74%
2024 4th Stephon Castle UConn
74%
2014 1st Andrew Wiggins Kansas
72%
2022 3rd Jabari Smith Jr. Auburn
72%
2024 3rd Reed Sheppard Kentucky
72%
2021 4th Scottie Barnes Florida State
71%
2018 4th Jaren Jackson Jr. Michigan State
69%
2018 2nd Marvin Bagley III Duke
69%
2010 1st John Wall Kentucky
67%
2013 1st Anthony Bennett UNLV
66%
2021 3rd Evan Mobley USC
66%
2017 4th Josh Jackson Kansas
66%
2020 2nd James Wiseman Memphis
65%
2014 3rd Joel Embiid Kansas
65%
2015 4th Kristaps Porziņģis Latvia
65%
2019 3rd RJ Barrett Duke
65%
2016 2nd Brandon Ingram Duke
62%
2015 2nd D'Angelo Russell Ohio State
60%
2021 5th Jalen Suggs Gonzaga
60%
2022 5th Jaden Ivey Purdue
56%
2022 4th Keegan Murray Iowa
56%
2017 5th De'Aaron Fox Kentucky
55%
2013 2nd Victor Oladipo Indiana
54%
2019 5th Darius Garland Vanderbilt
49%
2019 4th De'Andre Hunter Virginia
48%
2015 3rd Jahlil Okafor Duke
47%
2024 5th Ron Holland G-League
45%
2012 3rd Bradley Beal Florida
44%
2016 4th Dragan Bender Bosnia
42%
2014 2nd Jabari Parker Duke
41%
2010 5th DeMarcus Cousins Kentucky
40%
2010 2nd Evan Turner Ohio State
34%
2013 3rd Otto Porter Jr. Georgetown
34%
2014 4th Aaron Gordon Arizona
33%
2014 5th Dante Exum Australia
30%
2020 5th Isaac Okoro Auburn
30%
2010 4th Wesley Johnson Syracuse
30%
2011 5th Jonas Valančiūnas Lithuania
29%
2016 5th Kris Dunn Providence
29%
2012 2nd Michael Kidd-Gilchrist Kentucky
29%
2015 5th Mario Hezonja Croatia
27%
2011 3rd Enes Kanter Switzerland
21%
2013 4th Cody Zeller Indiana
20%
2013 5th Alex Len Maryland
19%
2010 3rd Derrick Favors Georgia Tech
18%
2012 5th Thomas Robinson Kansas
15%
2012 4th Dion Waiters Syracuse
11%
No matching quizzes found
Score Distribution
Percent of People with Each Score
Percentile by Number Answered
Your Score History
You have not taken this quiz since the last reset